[Event "BCF-chT4S 1920 (4NCL)"]
[Site "England"]
[Date "2020.02.08"]
[Round "5.76"]
[White "Hedger, Timothy"]
[Black "Shek, Kim"]
[Result "1-0"]
[WhiteElo "1577"]
[BlackElo "1285"]
[PlyCount "21"]
[EventDate "2019.11.09"]
[EventType "team-swiss"]
[EventRounds "11"]
[EventCountry "ENG"]
[SourceTitle "EXT 2022"]
[Source "ChessBase"]
[SourceDate "2021.10.06"]
[SourceVersion "1"]
[SourceVersionDate "2021.10.06"]
[SourceQuality "1"]
[WhiteTeam "Sussex Martlets III"]
[BlackTeam "Crowthorne II"]
[WhiteTeamCountry "ENG"]
[BlackTeamCountry "ENG"]

1. e4 e5 2. Nf3 Nc6 3. d4 d5 4. Bb5 Bg4 5. h3 Bxf3 6. Qxf3 Qd6 7. exd5 Qb4+ 8. Nc3 0-0-0 9. dxc6 bxc6 10. Qxc6 Ne7 11. Qa8# 1-0